000
00474nam a2200181Ia 4500
008
090124s9999 xx 000 0 und d
082
_b
119054
100
_a
वाघे सुरेश
245
_a
जगावेगळा
250
_a
1
260
_c
1981
300
_a
180
600
_a
वाघे सुरेश
630
_a
जगावेगळा
700
_a
वाघे सुरेश
730
_a
जगावेगळा
942
_c
BOOK
999
_c
165140
_d
165140